[Event "Schwaebisch Gmuend op"]
[Site "Schwaebisch Gmuend"]
[Date "1997.??.??"]
[Round "3"]
[White "Rist, Manfred"]
[Black "Dittmar, Peter"]
[Result "0-1"]
[WhiteElo "2180"]
[BlackElo "2390"]
[PlyCount "78"]
[EventDate "1997.??.??"]
[Source "www.chesslib.no"]
[SourceDate "2004.05.04"]

1. d4 d5 2. c4 c6 3. Nf3 Nf6 4. Nc3 Qb6 5. Qc2 Na6 6. g3 Nb4 7. Qb1 g6 8. c5 Qd8 9. Nh4 e5 10. dxe5 Ng4 11. Bg2 Bxc5 12. O-O O-O 13. a3 Na6 14. Nf3 Bf5 15. e4 dxe4 16. Nxe4 Nxf2 17. Rxf2 Qb6 18. Nxc5 Bxb1 19. Nd7 Qb3 20. Nf6+ Kg7 21. Rxb1 Rad8 22. Bd2 Rd3 23. Rbf1 Nc7 24. e6 fxe6 25. Ne5 Rxd2 26. Rxd2 Qe3+ 27. Rff2 Rxf6 28. Rd7+ Kf8 29. Ng4 Qc1+ 30. Bf1 Rxf2 31. Nxf2 Nd5 32. Nd3 Qe3+ 33. Kg2 Qe4+ 34. Kf2 Nf6 35. Rxb7 Ng4+ 36. Kg1 Qd4+ 37. Kh1 Qe4+ 38. Kg1 Qe3+ 39. Kg2 Qd2+ 0-1

[Event "RUS-ch"]
[Site "Sochi"]
[Date "1998.??.??"]
[Round "1"]
[White "Utiatsky, Anatoly"]
[Black "Seoev, Robert"]
[Result "1/2-1/2"]
[WhiteElo "2355"]
[BlackElo "2210"]
[PlyCount "40"]
[EventDate "1998.??.??"]
[Source "www.chesslib.no"]
[SourceDate "2004.05.04"]

1. d4 d5 2. Nf3 Nf6 3. c4 c6 4. Nc3 Qb6 5. c5 Qd8 6. Bg5 g6 7. Bxf6 exf6 8. e3 Bg7 9. Bd3 Bg4 10. h3 Bxf3 11. Qxf3 f5 12. g4 fxg4 13. hxg4 Nd7 14. O-O-O Qf6 15. Qg3 O-O-O 16. g5 Qe6 17. Rh4 h6 18. gxh6 Rxh6 19. Rxh6 Bxh6 20. Rh1 Rh8 1/2-1/2

[Event "22. SEA Games Team Standard"]
[Site "?"]
[Date "2003.12.07"]
[Round "2"]
[White "Jiravorasuk Banjuab"]
[Black "Chan Nicholas"]
[Result "1-0"]
[WhiteElo "2276"]
[BlackElo "2274"]
[PlyCount "69"]
[EventDate "2003.??.??"]
[Source "www.chesslib.no"]
[SourceDate "2004.05.04"]

1. d4 d5 2. c4 c6 3. Nf3 Nf6 4. Nc3 Qb6 5. e3 Bg4 6. h3 Bxf3 7. Qxf3 e6 8. c5 Qc7 9. b4 Nbd7 10. e4 dxe4 11. Nxe4 Be7 12. Bf4 e5 13. Bh2 O-O 14. Bc4 Rae8 15. O-O a5 16. a3 b6 17. Rfe1 axb4 18. axb4 bxc5 19. bxc5 Nxe4 20. Rxe4 Bf6 21. Rae1 Re7 22. Bg3 Rfe8 23. h4 Qd8 24. Qb3 Nf8 25. Qb2 Nd7 26. dxe5 Nxc5 27. R4e3 Rb7 28. Qa2 Bxh4 29. e6 fxe6 30. Bxe6+ Kh8 31. Bxh4 Qxh4 32. Bc8 Rxe3 33. Rxe3 Re7 34. Qf7 Qxf2+ 35. Qxf2 1-0

[Event "Karvina Open"]
[Site "Karvina"]
[Date "1989.??.??"]
[Round "13"]
[White "Jerabek, Petr"]
[Black "Kotrba, Tomas"]
[Result "1/2-1/2"]
[WhiteElo "2290"]
[BlackElo "2260"]
[PlyCount "82"]
[EventDate "1989.??.??"]
[Source "www.chesslib.no"]
[SourceDate "2004.05.04"]

1. d4 d5 2. c4 c6 3. Nf3 Nf6 4. Nc3 Qb6 5. Qc2 Bg4 6. e3 e6 7. cxd5 Bxf3 8. gxf3 cxd5 9. Bd2 Nc6 10. Na4 Qc7 11. Rc1 Rc8 12. b4 Bd6 13. b5 Ne7 14. Qb2 Qb8 15. Rxc8+ Nxc8 16. Nc5 O-O 17. Bd3 Nb6 18. f4 Nc4 19. Bxc4 dxc4 20. Rg1 Rc8 21. Bb4 Nd5 22. a3 Qc7 23. Bc3 g6 24. Ne4 Bf8 25. Ke2 Qe7 26. a4 Qh4 27. Ng5 Qxh2 28. Nf3 Qh6 29. Qc1 Nxc3+ 30. Qxc3 Qg7 31. Ne5 f6 32. Nxc4 Qe7 33. Qb3 Qb4 34. Qxb4 Bxb4 35. Kd3 Kg7 36. f3 Be7 37. e4 Kf7 38. Rc1 Kg7 39. Rc2 b6 40. Rc3 Rc7 41. Rc2 Rd7 1/2-1/2

[Event "otb"]
[Site "otb"]
[Date "2007.03.20"]
[Round "10"]
[White "Nebolsina Vera"]
[Black "Shlakich Anna"]
[Result "1/2-1/2"]
[WhiteElo "2324"]
[BlackElo "2225"]
[PlyCount "130"]
[Source "www.chesslib.no"]
[SourceDate "2004.05.04"]

1. d4 d5 2. c4 c6 3. Nc3 Nf6 4. Nf3 Qb6 5. c5 Qc7 6. g3 Bf5 7. Bg2 Nbd7 8. Bf4 Qc8 9. h3 h6 10. g4 Bh7 11. Nd2 g5 12. Bg3 Bg7 13. e3 e5 14. dxe5 Ng8 15. e4 Nxc5 16. exd5 Nd3+ 17. Kf1 cxd5 18. Nxd5 Ne7 19. Qa4+ Nc6 20. Ne4 Bxe4 21. Qxe4 Nc5 22. Qe3 Ne6 23. Rc1 Qd8 24. Kg1 Qa5 25. Kh2 h5 26. gxh5 Rxh5 27. Qf3 Rh6 28. Ne3 Ned4 29. Qe4 Kf8 30. Nc4 Qxa2 31. Rhd1 Ne6 32. Qf5 Ncd4 33. Qg4 Rd8 34. Nd6 Qxb2 35. Rb1 Qe2 36. Rxd4 Nxd4 37. Qxg5 Ne6 38. Qf5 Qh5 39. Qxh5 Rxh5 40. Rxb7 Bxe5 41. Bxe5 Rxe5 42. Nxf7 Rf5 43. Nxd8 Nxd8 44. Rb8 Ke7 45. Kg3 a5 46. h4 Nf7 47. f4 Rc5 48. Rb7+ Kf6 49. Rb6+ Kg7 50. Be4 Rc3+ 51. Kg4 Nh6+ 52. Kg5 Nf7+ 53. Kh5 Rc4 54. Re6 Rc1 55. f5 Rf1 56. Rg6+ Kf8 57. Ra6 Rf4 58. Bc2 Rf2 59. Bb1 Rf1 60. Rb6 Kg7 61. Rg6+ Kf8 62. Rb6 Kg7 63. Rb5 Nd6 64. Bd3 Nxb5 65. Bxf1 Nd4 1/2-1/2

[Event "Sautron"]
[Site "?"]
[Date "2002.10.26"]
[Round "1"]
[White "Bourel Florent"]
[Black "Koziak Vitali"]
[Result "0-1"]
[WhiteElo "2090"]
[BlackElo "2459"]
[PlyCount "60"]
[EventDate "2002.??.??"]
[Source "www.chesslib.no"]
[SourceDate "2004.05.04"]

1. d4 d5 2. c4 c6 3. Nf3 Nf6 4. Nc3 Qb6 5. Qc2 Bg4 6. e3 e6 7. Bd3 Nbd7 8. O-O Bxf3 9. gxf3 Be7 10. Kh1 O-O 11. Rg1 e5 12. Ne2 Rfe8 13. Bd2 Bf8 14. Rg2 e4 15. fxe4 dxe4 16. Ng3 exd3 17. Qxd3 Qxb2 18. Rag1 b5 19. c5 Qxa2 20. h4 Rad8 21. Qc3 Nxc5 22. dxc5 Rxd2 23. Nf5 g6 24. Qxf6 Qe6 25. Qg5 Rd5 26. Nh6+ Bxh6 27. Qxh6 Qh3+ 28. Rh2 Qf3+ 29. Rhg2 Rh5 30. Qf4 Qxf4 0-1

[Event "SVK-chT 0102"]
[Site "SVK"]
[Date "2001.??.??"]
[Round "1"]
[White "Husek, Zdenek"]
[Black "Bombek, Peter"]
[Result "1-0"]
[WhiteElo "2250"]
[BlackElo "2290"]
[PlyCount "89"]
[EventDate "2001.10.??"]
[Source "ChessBase"]
[SourceDate "2002.01.21"]

1. d4 d5 2. c4 c6 3. Nc3 Nf6 4. Nf3 Qb6 5. c5 Qc7 6. g3 b6 7. Bf4 Qb7 8. b4 a5 9. bxa5 bxc5 10. Rb1 Qa7 11. Qa4 Nbd7 12. Qxc6 Qxa5 13. Bd2 Qa6 14. Qc7 c4 15. Bh3 e6 16. Nb5 Be7 17. Qf4 O-O 18. Nc7 Qxa2 19. O-O Ra3 20. Nxe6 Rxf3 21. exf3 fxe6 22. Bxe6+ Kh8 23. Be3 Ne8 24. Qg4 Ndf6 25. Qh3 Bxe6 26. Qxe6 Qa7 27. Bf4 Ba3 28. Rb8 c3 29. Rc8 Bb2 30. Re1 h6 31. Be5 Qa3 32. f4 Qb4 33. Rb8 Qa3 34. Qc6 Kh7 35. h3 Qe7 36. Rb7 Qd8 37. g4 Ne4 38. g5 hxg5 39. Rd7 Qa5 40. Rxd5 Qb4 41. Rb5 Qxb5 42. Qxb5 Nd2 43. Qd3+ Kg8 44. d5 Nf6 45. Bxf6 1-0

[Event "AUT Team Ch"]
[Site "Austria"]
[Date "1992.??.??"]
[Round "?"]
[White "Beck, Gerald"]
[Black "Duer, Werner"]
[Result "0-1"]
[WhiteElo "2260"]
[BlackElo "2275"]
[PlyCount "80"]
[EventDate "1992.??.??"]
[Source "www.chesslib.no"]
[SourceDate "2004.05.04"]

1. d4 d5 2. c4 c6 3. Nf3 Nf6 4. Nc3 Qb6 5. Qc2 Na6 6. a3 g6 7. c5 Qd8 8. Ne5 Bg7 9. h3 Nd7 10. Nf3 e5 11. e3 Nc7 12. b4 O-O 13. Bb2 Ne6 14. Ne2 b6 15. cxb6 Qxb6 16. Nxe5 Nxe5 17. dxe5 a5 18. Nd4 Bb7 19. Nxe6 fxe6 20. Bd4 Qc7 21. f4 axb4 22. axb4 Rxa1+ 23. Bxa1 Ra8 24. Bd4 Bf8 25. Bc5 Ra1+ 26. Kf2 Ba6 27. Rg1 Bxc5 28. Qxc5 Ra2+ 29. Kg3 Ra1 30. Kf2 Ra2+ 31. Kf3 Ra1 32. Bxa6 Rxg1 33. b5 Rf1+ 34. Kg3 Qa5 35. Qxc6 Qe1+ 36. Kg4 Kg7 37. Qc7+ Kh6 38. b6 Rf2 39. Bf1 Qxf1 40. Qe7 Rxg2+ 0-1

[Event "LTU-ch"]
[Site "Vilnius"]
[Date "1999.??.??"]
[Round "?"]
[White "Dambrauskas, Virginijus"]
[Black "Lasinskas, Povilas"]
[Result "1-0"]
[WhiteElo "2360"]
[BlackElo "2175"]
[PlyCount "85"]
[EventDate "1999.??.??"]
[Source "www.chesslib.no"]
[SourceDate "2004.05.04"]

1. d4 d5 2. c4 c6 3. Nf3 Nf6 4. Nc3 Qb6 5. Qc2 Bg4 6. c5 Qc7 7. Ne5 Nbd7 8. h3 Bh5 9. Bf4 Nxe5 10. Bxe5 Qc8 11. Bxf6 gxf6 12. e3 e5 13. Be2 Bg6 14. Qd2 Be7 15. O-O Qe6 16. b4 O-O 17. f4 e4 18. b5 Kh8 19. Rab1 Rg8 20. bxc6 bxc6 21. Rb7 f5 22. Rfb1 Bd8 23. Na4 Qf6 24. Qe1 Qg7 25. Qf2 Qh6 26. Kh2 Bh5 27. Bf1 Bg4 28. g3 Qh5 29. Rd7 Rg6 30. Rbb7 Rh6 31. h4 Bf6 32. Rxa7 Rg8 33. Nb6 Bf3 34. Ra8 Rxa8 35. Nxa8 Bxh4 36. gxh4 Qg4 37. Bh3 Qg6 38. Qg3 Bg4 39. Nc7 Bh5 40. Rd8+ Kg7 41. Ne8+ Kf8 42. Nf6+ Ke7 43. Rd6 1-0

[Event "Olomouc"]
[Site "Olomouc CZE"]
[Date "1989.??.??"]
[Round "?"]
[White "Kolasinski, Marek"]
[Black "Turci, Stefano"]
[Result "1-0"]
[WhiteElo "2305"]
[BlackElo "2225"]
[PlyCount "103"]
[EventDate "1989.??.??"]
[Source "www.chesslib.no"]
[SourceDate "2004.05.04"]

1. d4 d5 2. c4 c6 3. Nc3 Nf6 4. Nf3 Qb6 5. Qc2 Bg4 6. e3 e6 7. Bd3 Nbd7 8. cxd5 exd5 9. Ne5 Nxe5 10. dxe5 Nd7 11. f3 Bh5 12. f4 Nc5 13. O-O h6 14. Bf5 g6 15. Bh3 g5 16. g3 Qa6 17. Bf5 Rg8 18. b4 Ne6 19. b5 Qb6 20. bxc6 Qxc6 21. Qb3 O-O-O 22. Ba3 gxf4 23. Bxf8 Rgxf8 24. exf4 Kb8 25. Bxe6 fxe6 26. Rf2 a6 27. Re1 Bg6 28. Nb1 d4 29. Nd2 Rc8 30. Nf3 Rfd8 31. Nd2 d3 32. h3 h5 33. Kh2 Bf5 34. Qb4 Qd5 35. Qb3 Qd4 36. Rg2 Rc2 37. Rb1 Rd7 38. Qb6 Rxa2 39. Qxd4 Rxd4 40. Rd1 Rb4 41. g4 hxg4 42. hxg4 Bg6 43. Kg3 Raa4 44. Rf2 Kc7 45. Rh1 Kd7 46. Rh6 Bf7 47. Rf6 Ke7 48. Rh2 Ra2 49. Rh7 Rxd2 50. Rfxf7+ Ke8 51. Rfg7 Kf8 52. Rc7 1-0

[Event "SVK Team Ch 9596"]
[Site "Slovakia"]
[Date "1996.??.??"]
[Round "14"]
[White "Kovacs, Janos"]
[Black "Bombek, Peter"]
[Result "0-1"]
[WhiteElo "2250"]
[BlackElo "2280"]
[PlyCount "97"]
[EventDate "1995.??.??"]
[Source "www.chesslib.no"]
[SourceDate "2004.05.04"]

1. d4 d5 2. c4 c6 3. Nf3 Nf6 4. Nc3 Qb6 5. e3 Bf5 6. Bd3 Bxd3 7. Qxd3 e6 8. O-O Nbd7 9. cxd5 cxd5 10. Bd2 Bb4 11. Na4 Qa5 12. Bxb4 Qxb4 13. Qb3 Qxb3 14. axb3 Ke7 15. Rfc1 Rhc8 16. Nd2 Kd8 17. f3 Rxc1+ 18. Rxc1 Rc8 19. Rxc8+ Kxc8 20. Kf2 Kc7 21. Ke2 Ne8 22. Kd3 f5 23. Nc3 Kc6 24. Ne2 Nef6 25. Nc3 a6 26. Ne2 g6 27. g3 Kd6 28. Nc3 e5 29. dxe5+ Nxe5+ 30. Ke2 Nc6 31. Nd1 Kc5 32. Nf2 Nb4 33. Nd3+ Nxd3 34. Kxd3 Nd7 35. Kc3 a5 36. h3 Ne5 37. f4 Nd7 38. g4 fxg4 39. hxg4 Nf6 40. g5 Ne4+ 41. Kd3 Nxd2 42. Kxd2 Kb4 43. Kd3 Kxb3 44. Kd4 Kxb2 45. Kxd5 a4 46. e4 a3 47. e5 a2 48. e6 a1=Q 49. e7 0-1

[Event "WYG16, Oropesa del Mar ESP"]
[Site "?"]
[Date "2001.??.??"]
[Round "9"]
[White "Hasanova, E."]
[Black "Hryhorenko, N."]
[Result "1-0"]
[WhiteElo "2250"]
[BlackElo "2280"]
[PlyCount "63"]
[EventDate "2001.??.??"]
[Source "www.chesslib.no"]
[SourceDate "2004.05.04"]

1. d4 d5 2. c4 c6 3. Nf3 Nf6 4. Nc3 Qb6 5. e3 Bf5 6. Ne5 Nbd7 7. cxd5 Nxd5 8. Nxd5 cxd5 9. Qa4 f6 10. Nf3 e6 11. Bb5 Rd8 12. O-O a6 13. Be2 Bd6 14. Nh4 Bg6 15. Nxg6 hxg6 16. g3 Ke7 17. Bd3 Rh3 18. e4 dxe4 19. Bxe4 Rdh8 20. Bd2 Rxh2 21. Ba5 Qb5 22. Qxb5 axb5 23. Bxb7 b4 24. Rac1 R2h5 25. Bc7 Rb5 26. Bxd6+ Kxd6 27. Rc6+ Ke7 28. Rc7 Ra5 29. d5 Rb8 30. dxe6 Kxe6 31. Bc8 Rxc8 32. Rxc8 1-0

[Event "Dortmund op-A"]
[Site "Dortmund GER"]
[Date "1992.??.??"]
[Round "11"]
[White "Karayannis, Athanasios"]
[Black "Pinnel, Peter"]
[Result "1-0"]
[WhiteElo "2310"]
[BlackElo "2215"]
[PlyCount "31"]
[EventDate "1992.04.??"]
[Source "www.chesslib.no"]
[SourceDate "2004.05.04"]

1. d4 d5 2. Nf3 c6 3. c4 Nf6 4. Nc3 Qb6 5. Qc2 Bg4 6. e3 e6 7. cxd5 exd5 8. Ne5 Nbd7 9. Nxg4 Nxg4 10. Bd2 Bd6 11. Be2 Ngf6 12. g4 h6 13. h4 g6 14. O-O-O O-O-O 15. g5 Ng8 16. Nxd5 1-0

[Event "Seefeld op"]
[Site "Seefeld"]
[Date "1996.??.??"]
[Round "?"]
[White "Garn, Erwin"]
[Black "Dittmar, Peter"]
[Result "0-1"]
[WhiteElo "2135"]
[BlackElo "2390"]
[PlyCount "106"]
[EventDate "1996.??.??"]
[Source "www.chesslib.no"]
[SourceDate "2004.05.04"]

1. d4 d5 2. c4 c6 3. Nf3 Nf6 4. Nc3 Qb6 5. e3 Bg4 6. Be2 e6 7. O-O Nbd7 8. b3 Be7 9. a4 a5 10. c5 Qc7 11. Ba3 O-O 12. Qc2 Bxf3 13. Bxf3 e5 14. b4 exd4 15. exd4 axb4 16. Bxb4 Qf4 17. Ne2 Qb8 18. Bd2 Bd8 19. Bf4 Bc7 20. Bxc7 Qxc7 21. Rab1 Ra7 22. Rb4 Rfa8 23. Rfb1 Nf8 24. Ng3 g6 25. Qb3 Ne6 26. Bd1 h5 27. h3 Kg7 28. Ne2 Rb8 29. Bc2 Nd7 30. Qb2 Qd8 31. Qc1 Qf6 32. Qd2 Ndf8 33. f4 Qe7 34. Rb6 Nd7 35. R6b2 f5 36. a5 Nf6 37. Rb6 Rc8 38. Qb4 Rc7 39. Bd3 Nxf4 40. Nxf4 Qe3+ 41. Kh1 Qxf4 42. a6 bxa6 43. Rxa6 Rxa6 44. Bxa6 Re7 45. Bd3 h4 46. Re1 Rxe1+ 47. Qxe1 Qxd4 48. Qe7+ Kh6 49. Qd6 Nh5 50. Qf8+ Kg5 51. Qe7+ Nf6 52. Be2 Qe4 53. Qd6 Qxe2 0-1

[Event "It \"]
[Site "Dresden GER"]
[Date "1986.??.??"]
[Round "?"]
[White "Hoffmann, Hendrik"]
[Black "Schulze Hanjo"]
[Result "1-0"]
[WhiteElo "2290"]
[BlackElo "2230"]
[PlyCount "51"]
[EventDate "1986.??.??"]
[Source "www.chesslib.no"]
[SourceDate "2004.05.04"]

1. d4 d5 2. c4 c6 3. Nf3 Nf6 4. Nc3 Qb6 5. e3 Bg4 6. h3 Bh5 7. g4 Bg6 8. Ne5 Ne4 9. cxd5 Nxc3 10. bxc3 cxd5 11. h4 f6 12. Nxg6 hxg6 13. Qc2 g5 14. Rb1 Qc7 15. Qg6+ Kd8 16. Qf7 Nd7 17. Qxd5 Qxc3+ 18. Bd2 Qc6 19. Ba5+ Ke8 20. Qxc6 bxc6 21. Bg2 Rc8 22. hxg5 Rxh1+ 23. Bxh1 e5 24. gxf6 gxf6 25. Rb7 c5 26. Be4 1-0

[Event "Stare Mesto (Czech Republic)"]
[Site "?"]
[Date "2005.08.16"]
[Round "6"]
[White "Weissmann Lukas"]
[Black "Shurygin Sergey"]
[Result "0-1"]
[WhiteElo "2121"]
[BlackElo "2391"]
[PlyCount "48"]
[EventDate "2005.??.??"]
[Source "www.chesslib.no"]
[SourceDate "2004.05.04"]

1. c4 c6 2. Nf3 d5 3. d4 Nf6 4. Nc3 Qb6 5. c5 Qc7 6. g3 Nbd7 7. Bf4 Qa5 8. Qa4 Qxa4 9. Nxa4 g6 10. Ne5 Bg7 11. f3 Nh5 12. Nxd7 Bxd7 13. e3 O-O-O 14. O-O-O f6 15. g4 Nxf4 16. exf4 Bh6 17. h4 Bxf4+ 18. Kc2 e5 19. dxe5 fxe5 20. Bd3 Rhf8 21. h5 e4 22. fxe4 Bxg4 23. Rdg1 Bf3 24. Rh3 dxe4 0-1

[Event "UKR-ch U20 Girls"]
[Site "?"]
[Date "2002.03.??"]
[Round "6"]
[White "Kostiuk Tatiana"]
[Black "Hryhorenko Nataliya"]
[Result "1/2-1/2"]
[WhiteElo "2232"]
[BlackElo "2268"]
[PlyCount "98"]
[EventDate "2002.??.??"]
[Source "www.chesslib.no"]
[SourceDate "2004.05.04"]

1. d4 d5 2. c4 c6 3. Nf3 Nf6 4. Nc3 Qb6 5. Qc2 Bg4 6. c5 Qc7 7. Ne5 Nbd7 8. Bf4 Nxe5 9. Bxe5 Qc8 10. Bxf6 gxf6 11. f3 Bh5 12. e4 dxe4 13. Nxe4 Bg6 14. Bc4 Bh6 15. Qe2 O-O 16. O-O Qc7 17. Rad1 Rad8 18. Kh1 Kh8 19. b4 b6 20. Rfe1 Rd7 21. Rd3 Rfd8 22. Red1 Bg7 23. g3 e6 24. R3d2 f5 25. Nd6 Bf8 26. f4 Bxd6 27. cxd6 Qxd6 28. a3 Qf8 29. Qf3 Rd6 30. Be2 Qg7 31. Qc3 f6 32. Bf3 Be8 33. Rd3 Qd7 34. Kg2 Kg7 35. R1d2 Kf8 36. Rd1 e5 37. fxe5 fxe5 38. d5 Qe7 39. Re1 cxd5 40. Rxe5 Qf6 41. Bxd5 Bf7 42. Rf3 Bxd5 43. Rxd5 Qxc3 44. Rdxf5+ Qf6 45. Rxf6+ Rxf6 46. Rxf6+ Kg7 47. Rf3 Rd7 48. g4 a5 49. Kg3 Rd4 1/2-1/2

[Event "Zweisimmen"]
[Site "Zweisimmen"]
[Date "1993.??.??"]
[Round "1"]
[White "Shvidler, Eliahu"]
[Black "Beimfohr, Uwe"]
[Result "1-0"]
[WhiteElo "2420"]
[BlackElo "2070"]
[PlyCount "123"]
[EventDate "1993.??.??"]
[Source "ChessBase"]

1. d4 d5 2. c4 c6 3. Nc3 Nf6 4. Nf3 Qb6 5. Qb3 Bf5 6. c5 Qc7 7. Bf4 Qc8 8. h3 Nbd7 9. Rc1 h6 10. e3 e6 11. Qa4 Be7 12. b4 a6 13. Qb3 O-O 14. Be2 Bd8 15. O-O Bc7 16. Qb2 Re8 17. Bxc7 Qxc7 18. Nh4 Bh7 19. f4 Ne4 20. Nxe4 Bxe4 21. Rc3 g6 22. Nf3 Bxf3 23. Bxf3 Kg7 24. a4 f5 25. b5 axb5 26. axb5 Ra5 27. Rb3 Rb8 28. Rb1 Raa8 29. Be2 Kf6 30. Qd2 Ke7 31. Qe1 Kf7 32. Qh4 Nf6 33. Bd3 h5 34. Qf2 Qc8 35. Qb2 Nd7 36. Rb4 Ke7 37. Bc2 Kd8 38. Ba4 Qc7 39. Qf2 Ke8 40. Qh4 Qd8 41. Qxd8+ Kxd8 42. Kh2 Kc7 43. Kg3 cxb5 44. Bxb5 Nf6 45. Bd3 Ra3 46. R1b3 Ra2 47. Rb2 Ra3 48. R4b3 Rxb3 49. Rxb3 b6 50. Rxb6 Rxb6 51. cxb6+ Kxb6 52. Kh4 Nh7 53. Be2 Kc6 54. Bxh5 gxh5 55. Kxh5 Nf8 56. h4 Kd7 57. Kh6 Ke7 58. Kg7 Nd7 59. h5 Nf6 60. h6 Nh7 61. Kxh7 Kf6 62. g3 1-0

[Event "Memorial Rubinstein - Open A"]
[Site "Polanica Zdroj POL"]
[Date "2008.08.23"]
[Round "5.13"]
[White "Kozak, Magdalena"]
[Black "Stoma, Pawel"]
[Result "1-0"]
[WhiteElo "2195"]
[BlackElo "2294"]
[PlyCount "103"]
[EventDate "2008.08.20"]
[Source "www.chesslib.no"]
[SourceDate "2004.05.04"]

1. d4 d5 2. c4 c6 3. Nc3 Nf6 4. Nf3 Qb6 5. e3 Bf5 6. Be2 h6 7. O-O e6 8. cxd5 exd5 9. Ne5 Nbd7 10. f4 Bd6 11. b3 O-O 12. Bd2 Rfe8 13. Na4 Qc7 14. b4 Ne4 15. Nc5 Nf8 16. Bh5 Re7 17. Bf3 Nxd2 18. Qxd2 f6 19. Bg4 fxe5 20. Bxf5 exf4 21. exf4 Rae8 22. Bg4 Re3 23. g3 g5 24. Bh5 R8e7 25. f5 Bxg3 26. f6 Bxh2+ 27. Qxh2 Rg3+ 28. Kh1 Ree3 29. Rf3 Rexf3 30. Bxf3 Qf4 31. Bg2 Qxd4 32. Qxg3 Qxa1+ 33. Kh2 b6 34. Qd6 Qe1 35. Qe7 Qh4+ 36. Kg1 Qd4+ 37. Kf1 Qd1+ 38. Kf2 Qd2+ 39. Kf3 g4+ 40. Kg3 Qg5 41. f7+ Kh7 42. Qxf8 Qe5+ 43. Kxg4 h5+ 44. Kf3 Qc3+ 45. Kf4 Qf6+ 46. Ke3 Qg5+ 47. Kd4 Qxg2 48. Qe7 Qb2+ 49. Ke3 Qc1+ 50. Kf3 Qf1+ 51. Kg3 h4+ 52. Kg4 1-0

[Event "Verden (01.08.-07.08)"]
[Site "?"]
[Date "1999.08.04"]
[Round "4.1"]
[White "Krueger Erich[32Katernb'"]
[Black "Scheipl Ralf"]
[Result "0-1"]
[WhiteElo "2203"]
[BlackElo "2274"]
[PlyCount "72"]
[EventDate "1999.??.??"]
[Source "www.chesslib.no"]
[SourceDate "2004.05.04"]

1. d4 d5 2. c4 c6 3. Nf3 Nf6 4. Nc3 Qb6 5. e3 Bg4 6. h3 Bxf3 7. Qxf3 e6 8. Bd3 Nbd7 9. O-O Be7 10. Rd1 O-O 11. cxd5 cxd5 12. Bd2 Rfc8 13. Be1 a6 14. a4 Bb4 15. Qe2 Qd6 16. a5 e5 17. dxe5 Qxe5 18. f4 Qd6 19. Qf3 Re8 20. Bf2 Bxc3 21. bxc3 Rac8 22. Rab1 Rxc3 23. Rxb7 Ra3 24. g4 Rxa5 25. Bf5 Qc6 26. Rdb1 Rb5 27. R7xb5 axb5 28. Bd3 Rb8 29. Be1 Nc5 30. Bc2 Nfe4 31. Kg2 Ra8 32. Rb2 Na4 33. Bxa4 bxa4 34. Qd1 a3 35. Rc2 Qxc2+ 36. Qxc2 a2 0-1

[Event "SVK-chT3B 9900"]
[Site "SVK"]
[Date "1999.??.??"]
[Round "?"]
[White "Veselsky, Jozef"]
[Black "Jakubek, Peter"]
[Result "1/2-1/2"]
[WhiteElo "2262"]
[BlackElo "2192"]
[PlyCount "146"]
[EventDate "1999.??.??"]
[Source "www.chesslib.no"]
[SourceDate "2004.05.04"]

1. d4 d5 2. c4 c6 3. Nc3 Nf6 4. Nf3 Qb6 5. Qc2 Bg4 6. e3 e6 7. Bd3 dxc4 8. Bxc4 Nbd7 9. Bd2 Be7 10. Bd3 Bh5 11. Ne2 O-O 12. Nf4 Bxf3 13. gxf3 c5 14. Bc3 cxd4 15. Bxd4 Qa5+ 16. Bc3 Bb4 17. Bxb4 Qxb4+ 18. Qd2 Qxd2+ 19. Kxd2 Rfd8 20. Ke2 e5 21. Ng2 Nc5 22. Bc2 Nd5 23. a3 a5 24. Rac1 Rac8 25. Rhd1 Kf8 26. Bf5 Rc6 27. Be4 Nb3 28. Rxc6 bxc6 29. Bc2 Rb8 30. Ne1 Nc5 31. Rb1 g6 32. Nd3 Nxd3 33. Kxd3 Ke7 34. Ba4 Kd6 35. Kc2 f5 36. Rd1 Kc7 37. Rc1 Nb6 38. Bb3 a4 39. Ba2 c5 40. Rg1 Kc6 41. h4 c4 42. h5 Rg8 43. Bb1 Nd5 44. Kd2 Ne7 45. hxg6 hxg6 46. Bc2 Kb5 47. Rh1 Rd8+ 48. Kc1 f4 49. exf4 exf4 50. Re1 Nc6 51. Bxg6 Kc5 52. Bc2 Kb5 53. Re6 Nd4 54. Re5+ Kb6 55. Bxa4 Nxf3 56. Re4 Nd4 57. Bd1 f3 58. Re3 Kc5 59. Bxf3 Rf8 60. Re5+ Kb6 61. Bd1 Rxf2 62. Rd5 Ne2+ 63. Bxe2 Rxe2 64. Rd2 Re3 65. Rh2 c3 66. b3 Kc5 67. Rh4 Re2 68. Rc4+ Kb5 69. Rxc3 Ra2 70. a4+ Kb4 71. Kb1 Rg2 72. Rc2 Rg3 73. Rb2 Ka3 1/2-1/2